| 000 | 00717nam a2200217Ia 4500 | ||
|---|---|---|---|
| 005 | 20250516071331.0 | ||
| 008 | 130821s1999 ag gr spa | ||
| 020 | _a9500715929 | ||
| 040 |
_aCo-BoUCM _bspa _cDavid Moreno (modificó) _dDavid Moreno (modificó) |
||
| 041 | 0 | 0 | _aspa |
| 100 | 1 |
_aWoolf, Virginia _d1882-1941 _959030 |
|
| 245 | 0 | 0 |
_aOrlando _cVirginia Woolf. Traducción de Jorge Luis Borges |
| 260 |
_aBuenos Aires (Argentina) _bSudamericana _c1999 |
||
| 300 | _a239 páginas | ||
| 490 | _aColección Diamante | ||
| 650 | 0 | 4 |
_aLiteratura inglesa _9272 |
| 650 | 0 | 4 |
_aNovela inglesa _920530 |
| 765 | _tOrlando | ||
| 942 |
_cLIBRO _a18 _e1 _mW913o _2DEWEY _h823 _n0 |
||
| 999 |
_c30829 _d30829 |
||